Statistics for dababy quiz p2

Click here to take the quiz!

General Stats

  • This quiz has been taken 4 times
  • The average score is 20 of 29

Answer Stats

HintAnswer% Correct
Sadies soulmate/teacher that would leave wife and kids for hermccord
100%
"with that _____ of yours"memory
100%
seggsual for only gaynayana
100%
has seggs in her head during moviessanju
100%
store ev's banned fromSephora
100%
ev's backup jobstripper
100%
college we all want to go (even if we aren't all going)vcu
100%
ev's starbucks order ("____, iced caramel macchiato, light __, extra ____ ____, salted caramel ___ ___")decaf, ice, caramel drizzle, cold foam
75%
Sadie & ev's drinkdiet coke
75%
most egotisticalevelynn
75%
who's strip bar?mr. Elliot
75%
what you deservenothing
75%
type of bone brothosita
75%
ev and nays fav colorpink
75%
"you slippery __ _ _ __"son of a gun
75%
sanjus kids nameushygush jr
75%
first on the hate listAlex
50%
best body partass
50%
traumatizing movieDWD
50%
best music type for before schooljazz
50%
best teacherkline
50%
what do you do in hell?rot
50%
most annoying drunksadie
50%
our playlist nametaste the rainbow
50%
gizmos insta name (no symbols)the daily giz
50%
best chipsvoodoo
50%
our current phrase obsessionyou got her there
50%
best appmcdonalds
25%
"hair ______"slaying
25%

Score Distribution

Percentile by Number Answered

Percent of People with Each Score

Your Score History

You have not taken this quiz